Drapeaux d'Océanie: ordre aléatoire - Statistiques

Statistiques générales
  • Ce quiz a été pris 3 729 fois
  • Le résultat moyen est 12 sur 14
Statistiques - réponses
Par images Réponse % Correct
Australie
98%
Nouvelle-Zélande
97%
Fidji
89%
Palaos
87%
Papouasie-Nouvelle-Guinée
87%
États Fédérés de Micronésie
85%
Tonga
85%
Kiribati
81%
Îles Marshall
80%
Nauru
78%
Samoa
77%
Tuvalu
76%
Vanuatu
76%
Salomon
75%
Aucun quiz correspondant
Distribution des résultats
% des personnes avec chaque résultat
Percentile par nombre de réponses
Votre historique - résultats
Vous n’avez pas pris ce quiz